Statistiques concernant Culture Générale - Série 71

Cliquez ici pour prendre le quiz!

Statistiques générales

  • Ce quiz a été pris 636 fois
  • Le résultat moyen est 5 sur 10

Statistiques - réponses

QuestionRéponse% Correct
Quelle est le prénom de la comédienne Adjani ?Isabelle
92%
A quelle saison fait penser l'adjectif "vernal" ?Printemps
91%
Quel est ce prénom féminin célèbre pour son fil ?Ariane
77%
De quel pays est originaire un Lusitanien ?Portugal
69%
Partie d'une église comprise entre le portail et le transept, que délimitent les deux rangées de piliers soutenant la voûte, et dont la forme générale rappelle la coque d'un vaisseau renversé.Nef
68%
Dans quel pays d'Amérique latine le nahuatl reste-t-il la langue indigène la plus parlée ?Mexique
59%
Qu'est-ce qu'un coeur de pigeon (fruit) ?Cerise
40%
myth. grecque: dieu du vent d'ouest, généralement représenté sous la forme d'un jeune homme aux ailes de papillon.Zéphyr
16%
Quel nom donne-t-on à la fleur d'oranger ?Néroli
6%
Ancienne monnaie d'or de Venise.Sequin
3%

Distribution des résultats

Percentile par nombre de réponses

% des personnes avec chaque résultat

Votre développement - résultats

Vous n’avez pas pris ce quiz